| 000 | 00465nam a2200145Ia 4500 | ||
|---|---|---|---|
| 003 | OSt | ||
| 005 | 20260120150938.0 | ||
| 008 | 211028s2014 xx 000 0 und d | ||
| 040 | _cAIMIT LIBRARY | ||
| 041 | _aeng | ||
| 100 |
_aJoy, Philp Anshu Tresa; James, Justine. _g1216083 _97196 |
||
| 245 | _aStudy on job satisfaction among the administrative block employees at mafraq hospital Abudhabi UAE / | ||
| 260 |
_aMangalore _bJustine James _c2014 |
||
| 942 |
_2ddc _cPRO |
||
| 999 |
_c218766 _d218766 |
||